1043 1041 1484 1641 1159 1454 1738 1346 1341 1696 1471 1826 1316 1211 1538 1705 1830 1871 1416 1145 1348 1263 1683 1330 1156 1682 1983 1220 1641 1186 1317 1760 1638 1460 1141 1629 1205 1577 1501 1912 1934 1285 1100 1215 1938 1921 1293 1401 1311 1986 1468 1943 1506 1561 1426 1665 1066 1275 1455 1909 1892 1647 1509 1116 1910 1272 1717 1050 1734 1229 1084 1520 1843 1318 1285 1690 1055 1363 1385 1385 1582 1673 1874 1520 1335 1768 1643 1571 1082 1784 1115 1545 1811 1737 1387 1490 1781 1267 1886 BCNSPRNW ULIB Ver.6.0+V

เปลี่ยนเป็นภาษาไทย

Change to English
 แสดงรายละเอียดบรรณานุกรม
  กลับหน้าหลัก

Brief Record : Get Marc (ISO 2709) : E-mail record : QR code < ปิดหน้าต่าง
LEADER : 00000nam 2200000uu 4500
001    13399120668
003     ULIB
008    121002s2549||||th 000 0 tha d
020    ^a9749941551
050 04 ^aBF637.B4^bส272ท
100 0  ^aสมโภชน์ เอี่ยมสุภาษิต
245 10 ^aทฤษฎีและเทคนิคการปรับพฤติกรรม =^bTheories and techniques in behavior modification /^cสมโภชน์ เอี่ยมสุภาษิต
246 31 ^aTheories and techniques in behavior modification
250    ^aพิมพ์ครั้งที่ 5
260    ^aกรุงเทพฯ :^bสำนักพิมพ์แห่งจุฬาลงกรณ์มหาวิทยาลัย,^c2549
300    ^a447 หน้า :^bภาพประกอบ ;^c26 ซม.
650  7 ^aการปรับพฤติกรรม
650  7 ^aการเรียน (จิตวิทยา)
650  7 ^aจิตวิทยาประยุกต์
650  7 ^aพฤติกรรมมนุษย์
945    ^p270^l0^i24736
995    ^aวิภา
999 ^a ใช้งานได้ทุกระบบ
รายการนี้ยังไม่มีแท็ก
คุณยังไม่ได้ล็อกอิน คุณสามารถมีกิจกรรมร่วมกับเว็บไซต์ได้ แต่ต้องล็อกอินก่อน ::
  ล็อกอิน

รายการสื่อสารสนเทศ

ลำดับที่ ประเภท เลขเรียก/บาร์โค้ด สถานที่ สถานะ
1. วิทยาศาสตร์การแพทย์ และสุขภาพ
วิทยาศาสตร์การแพทย์ และสุขภาพ
BF637.B4 ส272ท  
  Barcode: 24736
ห้องสมุดวิทยาเขตสวรรค์ประชารักษ์
►หนังสือทั่วไป
บนชั้น

รายการใกล้เคียง
    ผู้แต่ง [สมโภชน์ เอี่ยมสุภาษิต]

    หัวเรื่อง [การปรับพฤติกรรม]
    หัวเรื่อง [การเรียน (จิตวิทยา)]
    หัวเรื่อง [จิตวิทยาประยุกต์]
    หัวเรื่อง [พฤติกรรมมนุษย์]

BibComment


ยังไม่เคยถูกคอมเมนท์

คอมเมนท์ทรัพยากรรายการนี้
  คอมเมนท์: ทฤษฎีและเทคนิคกา..


 Copyright 2026. Bcnsprnw @Library